000 01792nam a2200505 i 4500
001 55157
003 KOSZ 005
005 20200709122220.0
008 070924s2007 pl a d f |000 0 pol
015 _aUWD 2007/21864
020 _a9788302091506
035 _a991036547399705066
035 _a(PL-WaBN)b19814525-48omnis_nlop
035 _ab19814525
035 _a(OCoLC)830882596
035 _a(PL)b0000001981452
035 _a(EXLNZ-48OMNIS_NETWORK)9910522839105606
040 _aWA N
_cWA N
_dKOSZ 005/HR
080 _a664.017
080 _a(075.3-021.66)
100 1 _aKołożyn-Krajewska, Danuta
_d(1954- )
_eAutor
245 1 0 _aTowaroznawstwo żywności /
_cDanuta Kołożyn-Krajewska, Tadeusz Sikora.
250 _aWyd. 7.
260 _aWarszawa :
_bWydawnictwa Szkolne i Pedagogiczne,
_c2007.
300 _a267, [1] s. :
_bil. ;
_c24 cm.
336 _aTekst
_btxt
_2rdacontent
337 _aBez urządzenia pośredniczącego
_bn
_2rdamedia
338 _aWolumin
_bnc
_2rdacarrier
380 _aKsiążki
380 _aPublikacje dydaktyczne
385 _mPoziom nauczania
_aSzkoły zawodowe
388 _a2001-
500 _aU góry okł.: Podręcznik.
504 _aBibliogr. s. 266-[268].
521 8 _aDo nauczania zawodu technik handlowiec na poziomie technikum i szkoły policealnej.
650 7 _aŻywność
_2DBN
650 7 _aTowaroznawstwo
655 7 _aPodręczniki dla szkół zawodowych
_2DBN
658 _aInżynieria i technika
700 1 _aSikora, Tadeusz
_d(1950- )
_eAutor
710 2 _aWydawnictwa Szkolne i Pedagogiczne
_4pbl
856 _uhttp://koha.tu.koszalin.pl/cgi-bin/koha/opac-detail.pl?biblionumber=55157
_yKatalog online BPK
942 _2UKD
_cKS
999 _c55157
_d55157